| 000 | 01576cam a22002054a 4500 | ||
|---|---|---|---|
| 005 | 20250605164107.0 | ||
| 008 | 250528s ||||||||||||||||||||||||d | ||
| 035 | _a17769 | ||
| 020 | _a9781446282106 | ||
| 040 |
_aGR-AtMCL _bgre _dGR-AtMCL _eAACR2 |
||
| 245 | 1 | _aGlobal Shift / Maping the Changing Contours of the World Economy | |
| 250 | _a7th | ||
| 260 |
_bSage, _c2015 |
||
| 300 | _a618 | ||
| 520 | _aThe definitive work on economic globalization. The extensive use of graphics, lack of jargon, and clear definition of terms, has made it the standard work for the social sciences. Preface, What is the World Is Going On?, The Changing Contours of the Global Economy, The Centre of Gravity Shifts: Transforming the Geographies of the Global Economy, Processes of Global Shift, Tangled Webs: Unravelling Complexity in the Global Economy, Technological Change: ''Gales of Creative Destruction'', Transnational Corporations: The Primary ''Movers and Shapers'' of the Global Economy, The State Really Does Matter, Winning and Losing in the Global Economy, The Uneasy Relationship Between Transnational Corporations and States: Dynamics of Conflict and Collaboration, ''Capturing Value'' Within Global Production Networks, Destroying Value? Environmental Impacts of Global Production Networks, Winning and Losing: Where You Live Really Matters, Making the World a Better Place, The Picture in Different Sectors, ''Wheels of Change'': The Automobile Industry, Bibliography, Index. | ||
| 700 | 1 |
_aDicken Peter _93355 |
|
| 942 | _cBK | ||
| 999 |
_c3169 _d3169 |
||